<?xml version="1.0" encoding="UTF-8"?>
<record
    xmlns:xsi="http://www.w3.org/2001/XMLSchema-instance"
    xsi:schemaLocation="http://www.loc.gov/MARC21/slim http://www.loc.gov/standards/marcxml/schema/MARC21slim.xsd"
    xmlns="http://www.loc.gov/MARC21/slim">

  <leader>02341nam a22002297a 4500</leader>
  <controlfield tag="008">251112b        |||||||| |||| 00| 0 eng d</controlfield>
  <datafield tag="020" ind1=" " ind2=" ">
    <subfield code="a">9788408271949</subfield>
  </datafield>
  <datafield tag="040" ind1=" " ind2=" ">
    <subfield code="c">tbs</subfield>
  </datafield>
  <datafield tag="041" ind1=" " ind2=" ">
    <subfield code="a">spa</subfield>
  </datafield>
  <datafield tag="100" ind1=" " ind2=" ">
    <subfield code="a">Longarela, Andrea</subfield>
    <subfield code="9">26121</subfield>
    <subfield code="e">author</subfield>
  </datafield>
  <datafield tag="245" ind1=" " ind2=" ">
    <subfield code="a">El color de las cosas invisibles </subfield>
    <subfield code="c">/ Andrea Longarela.</subfield>
  </datafield>
  <datafield tag="260" ind1=" " ind2=" ">
    <subfield code="a">Barcelona : </subfield>
    <subfield code="b">Crossbooks, </subfield>
    <subfield code="c">2023.</subfield>
  </datafield>
  <datafield tag="300" ind1=" " ind2=" ">
    <subfield code="a">511 pages ; </subfield>
    <subfield code="c">23 cm.</subfield>
  </datafield>
  <datafield tag="520" ind1=" " ind2=" ">
    <subfield code="a">Los dos quieren tener raz&#xF3;n. Y los dos saben que se equivocan. Un enemies-to-lovers que te har&#xE1; creer en el amor. Rain y Jack se odian. Rain y Jack pertenecen a planetas distintos. Rain y Jack no pueden tener menos cosas en com&#xFA;n. Y, sin embargo, no dejan de cruzarse. Una y otra vez. Primero en el instituto, luego en un concierto e, inesperadamente, tambi&#xE9;n unos a&#xF1;os despu&#xE9;s, cuando ya cre&#xED;an que no volver&#xED;an a encontrarse. Incluso se ven empujados a compartir una noche en una casa perdida en mitad del bosque. Rain piensa que las casualidades no existen. Jack, que las causalidades no lo explican todo. Los dos quieren tener raz&#xF3;n. Y los dos saben que se equivocan. Y ambos intuyen que, sea cual sea la verdad, cuando se trata de amor no hay teor&#xED;a cient&#xED;fica que haga entender el mecanismo de un coraz&#xF3;n cuando otro lo sacude.</subfield>
  </datafield>
  <datafield tag="520" ind1=" " ind2=" ">
    <subfield code="a">They both want to be right. And they both know they&#x2019;re wrong.
An enemies-to-lovers story that will make you believe in love.
Rain and Jack hate each other. Rain and Jack come from different worlds. Rain and Jack couldn&#x2019;t have less in common. And yet, they keep running into each other&#x2014;again and again. First in high school, then at a concert, and, unexpectedly, years later, when they thought they&#x2019;d never meet again. They even end up spending a night together in a secluded house deep in the woods.
Rain believes coincidences don&#x2019;t exist. Jack believes causality doesn&#x2019;t explain everything. They both want to be right. And they both know they&#x2019;re wrong. Deep down, they sense that&#x2014;whatever the truth may be&#x2014;when it comes to love, no scientific theory can explain the way one heart shakes another.</subfield>
  </datafield>
  <datafield tag="650" ind1=" " ind2="0">
    <subfield code="a">Man-woman relationships </subfield>
    <subfield code="v">Fiction</subfield>
    <subfield code="9">11134</subfield>
  </datafield>
  <datafield tag="650" ind1=" " ind2="0">
    <subfield code="a">Friendship in children</subfield>
    <subfield code="v">Fiction</subfield>
    <subfield code="9">26498</subfield>
  </datafield>
  <datafield tag="650" ind1=" " ind2="0">
    <subfield code="a">Life on other planets</subfield>
    <subfield code="v">Fiction</subfield>
    <subfield code="9">26499</subfield>
  </datafield>
  <datafield tag="650" ind1=" " ind2="0">
    <subfield code="a">Love</subfield>
    <subfield code="v">Fiction</subfield>
    <subfield code="9">24358</subfield>
  </datafield>
  <datafield tag="655" ind1=" " ind2="0">
    <subfield code="a">Romance fiction</subfield>
    <subfield code="9">22778</subfield>
  </datafield>
  <datafield tag="942" ind1=" " ind2=" ">
    <subfield code="2">lcc</subfield>
  </datafield>
  <datafield tag="952" ind1=" " ind2=" ">
    <subfield code="0">0</subfield>
    <subfield code="1">0</subfield>
    <subfield code="2">lcc</subfield>
    <subfield code="4">0</subfield>
    <subfield code="7">0</subfield>
    <subfield code="a">TBS</subfield>
    <subfield code="b">TBS</subfield>
    <subfield code="d">2025-11-12</subfield>
    <subfield code="l">0</subfield>
    <subfield code="o">P-SP LON</subfield>
    <subfield code="p">B05647</subfield>
    <subfield code="r">2025-11-12</subfield>
    <subfield code="t">1</subfield>
    <subfield code="w">2025-11-12</subfield>
    <subfield code="y">1</subfield>
  </datafield>
  <datafield tag="999" ind1=" " ind2=" ">
    <subfield code="c">5178</subfield>
    <subfield code="d">5178</subfield>
  </datafield>
</record>
